[Event "Online Olym Div4 B"]
[Site "Chess.com INT"]
[Date "2021.08.22"]
[Round "8.4"]
[White "Mohamud, Hussein Ali"]
[Black "Irungu, Brian Mwangi"]
[Result "1-0"]
[WhiteElo "1743"]
[BlackElo "1374"]
[PlyCount "67"]
[EventDate "2021.08.20"]
[EventType "team (rapid)"]
[EventRounds "11"]
[EventCountry "USA"]
[SourceTitle "CBM 203 Extra"]
[Source "ChessBase"]
[SourceDate "2021.09.30"]
[SourceVersion "1"]
[SourceVersionDate "2021.09.30"]
[SourceQuality "1"]
[WhiteTeam "Somalia"]
[BlackTeam "Kenya"]
[WhiteTeamCountry "SOM"]
[BlackTeamCountry "KEN"]

1. e4 Nf6 2. e5 Nd5 3. d4 d6 4. c4 Nb6 5. f4 dxe5 6. fxe5 Nc6 7. Be3 Bf5 8. a3 e6 9. Nf3 Bg4 10. Nbd2 Be7 11. Be2 Bh4+ 12. g3 Be7 13. 0-0 0-0 14. b4 a6 15. Ne4 Bf5 16. Nf2 Nd7 17. Bd3 Bg6 18. Qd2 Re8 19. Bxg6 hxg6 20. Ne4 b5 21. cxb5 axb5 22. Qe2 Rb8 23. Rac1 Na7 24. Qf2 Nc8 25. Nfg5 Bxg5 26. Qxf7+ Kh8 27. Bxg5 Ne7 28. Rf4 Nf8 29. Rh4+ Nh7 30. Nf6 Qxd4+ 31. Rxd4 Nf5 32. Nxe8 Nxg5 33. Qxg6 Nh7 34. Rg4 1-0

[Event "Online Olym Div4 B"]
[Site "Chess.com INT"]
[Date "2021.08.21"]
[Round "7.3"]
[White "Al Othman, Abdul Wahab"]
[Black "Mohamud, Hussein Ali"]
[Result "0-1"]
[WhiteElo "1923"]
[BlackElo "1743"]
[PlyCount "106"]
[EventDate "2021.08.20"]
[EventType "team (rapid)"]
[EventRounds "11"]
[EventCountry "USA"]
[SourceTitle "CBM 203 Extra"]
[Source "ChessBase"]
[SourceDate "2021.09.30"]
[SourceVersion "1"]
[SourceVersionDate "2021.09.30"]
[SourceQuality "1"]
[WhiteTeam "Kuwait"]
[BlackTeam "Somalia"]
[WhiteTeamCountry "KUW"]
[BlackTeamCountry "SOM"]

1. d4 Nf6 2. Nf3 d5 3. c4 e6 4. Nc3 Bb4 5. Bg5 0-0 6. Rc1 dxc4 7. e4 h6 8. Bxf6 Qxf6 9. Bxc4 Qg6 10. 0-0 Bxc3 11. Rxc3 Qxe4 12. Bd3 Qf4 13. Ne5 c6 14. g3 Qf6 15. Bc2 Nd7 16. Qd3 g6 17. Ng4 Qg7 18. Qd2 h5 19. Ne3 Nb6 20. Be4 Nd5 21. Rc5 f5 22. Bc2 Bd7 23. b4 Qf6 24. f4 h4 25. Nc4 b6 26. Ne5 bxc5 27. Nxd7 Qxd4+ 28. Qxd4 cxd4 29. Nxf8 Kxf8 30. a3 Ne3 31. Rf2 Nxc2 32. Rxc2 d3 33. Rxc6 Rd8 34. Rc1 d2 35. Rd1 Rd3 36. gxh4 Rxa3 37. Rxd2 Rb3 38. Rd4 Rb2 39. Rc4 Kf7 40. Rc7+ Kf6 41. Rc4 Kg7 42. h5 gxh5 43. Rc7+ Kg6 44. Rc4 h4 45. h3 Kf6 46. Rd4 Ke7 47. Kh1 Re2 48. Kg1 Kf6 49. Rc4 Re4 50. Rxe4 fxe4 51. Kf2 a6 52. Ke2 Kf5 53. Ke3 e5 0-1

[Event "Online Olym Div4 B"]
[Site "Chess.com INT"]
[Date "2021.08.20"]
[Round "3.1"]
[White "Seboka, Bakoena"]
[Black "Mohamud, Hussein Ali"]
[Result "1-0"]
[WhiteElo "1549"]
[BlackElo "1743"]
[PlyCount "95"]
[EventDate "2021.08.20"]
[EventType "team (rapid)"]
[EventRounds "11"]
[EventCountry "USA"]
[SourceTitle "CBM 203 Extra"]
[Source "ChessBase"]
[SourceDate "2021.09.30"]
[SourceVersion "1"]
[SourceVersionDate "2021.09.30"]
[SourceQuality "1"]
[WhiteTeam "Lesotho"]
[BlackTeam "Somalia"]
[WhiteTeamCountry "LES"]
[BlackTeamCountry "SOM"]

1. d4 d6 2. c4 Nf6 3. Nc3 g6 4. e4 Bg7 5. Nf3 0-0 6. Be2 Nbd7 7. 0-0 e5 8. Be3 Nh5 9. d5 Nf4 10. g3 Nxe2+ 11. Qxe2 Nf6 12. Qc2 Bg4 13. Nh4 Bh3 14. Rfe1 Qd7 15. f3 h5 16. b4 a6 17. c5 Nh7 18. Qd2 Bf6 19. Bh6 Rfe8 20. Ng2 Bxg2 21. Kxg2 a5 22. a3 axb4 23. axb4 Qe7 24. Be3 Bg5 25. Bxg5 Nxg5 26. f4 exf4 27. gxf4 Nh7 28. Qd4 Qh4 29. Rxa8 Qg4+ 30. Kh1 Qf3+ 31. Kg1 Rxa8 32. Qe3 Qg4+ 33. Qg3 Qxg3+ 34. hxg3 Ra3 35. Nb5 Rxg3+ 36. Kf2 Rb3 37. Nxc7 dxc5 38. Rd1 Nf8 39. d6 Nd7 40. Nd5 cxb4 41. e5 Rb2+ 42. Kg3 b3 43. Nf6+ Nxf6 44. exf6 Rc2 45. d7 Rc3+ 46. Kh4 b2 47. d8Q+ Kh7 48. Qf8 1-0